01058nam a2200229 a 450000500170000000800410001702000180005804000250007604100130010108200180011424502030013224602160033526000520055130000470060365000280065065000140067865000200069265000180071270000290073070000340075970000350079320180803165318.0160120t2006 ck ||||gr|||| 00| 0 spa d a9789589810415 aCO-BoIAVHcCO-BoIAVH aspaheng a333.714bD53d aDiagnóstico integral biofísico y socioeconómico relativo al impacto de las fuentes de contaminación terreste en la bahía de Tumaco, Colombia y lineamientos básicos para un plan de manejo aIntegral diagnosis on the biophysical socieconomic impact related to the effect of pollution from land based activities on the pacific coastal zone Tumaco bay, Colombia and basic guidelines for a management plan aSanta MartabINVEMARbCCCPbCORPONARIÑOc2006 a290 paginas.bilustraciones.;c28 x 21 cm. 6aLegislación ambiental 6aBiofisica 6aContaminación 6aAguas Marinas1 aGaray Tinoco, Jesús A.1 aGómez López, Diana Isabel1 aOrtíz Galvis, Javier Roberto